Stars Critical of President Trump - Statistics

General Stats
  • This quiz has been taken 55 times
  • The average score is 12 of 15
Answers on the Grid
Answers color-coded by a green-red scale on the quiz's grid according to % correct below.
Kid Rock
Bruce Springsteen
Mel Gibson
Nicki Minaj
Jack White
Robert De Niro
Mark Ruffalo
Ted Nugent
Doechii
Kanye West
Stephen Colbert
Seth Meyers
Lee Greenwood
Jimmy Kimmel
Eminem
Sylvester Stallone
Billie Eilish
Billie Joe Armstrong
Meryl Streep
Rosie O'Donnell
Ariana Grande
Jon Voight
Kelsey Grammer
Mark Hamill
 
Answer Stats
Answer % Correct
Billie Eilish
93%
Jimmy Kimmel
93%
Eminem
88%
Mark Hamill
85%
Stephen Colbert
85%
Ariana Grande
83%
Bruce Springsteen
83%
Meryl Streep
80%
Rosie O'Donnell
78%
Seth Meyers
78%
Jack White
75%
Mark Ruffalo
75%
Doechii
73%
Robert De Niro
73%
Billie Joe Armstrong
70%
No matching quizzes found
Score Distribution
Percent of People with Each Score
Percentile by Number Answered
Your Score History
You have not taken this quiz